Wringer / (Registro nro. 9316)

Detalles MARC
000 -LIDER
fixed length control field 00602nam a22002297a 4500
001 - NÚMERO DE CONTROL
Identificador de número de control 240025
003 - IDENTIFICACDOR DE NÚMERO DE CONTROL
control field DO-SdBNP
005 - DATE AND TIME OF LATEST TRANSACTION
control field 20160318125006.0
007 - CAMPOS FIJOS DE DESCRIPCIÓN FÍSICA
fixed length control field 240025
008 - ELEMENTOS DE LONGITUD FIJA
fixed length control field 160318b 1997 nyu xxu||||| |||| 00| 0 spa d
020 ## - ISBN
International Standard Book Number 0590037102
040 ## - FUENTE DE CATALOGACIÓN
Agencia que crea de manera original el registro BPMSU
Idioma de catalogación spa
Agencia que realiza la transcripción BPMSU
092 ## - LOCALLY ASSIGNED DEWEY DECIMAL CALL NUMBER
Número de clasificación XXXX
Número de ítem (Cutter) XXXX
100 1# - ASIENTO PRINCIPAL -- NOMBRE PERSONAL
Nombre personal Spinelli, Jerry
245 10 - MENCIÓN DE TITULO
Título Wringer /
Mención de responsabilidad Jerry Spinelli.
260 ## - PUBLICACIÓN, DISTRIBUCIÓN, ETC. (PIE DE IMPRENTA)
Lugar de publicación, distribución, etc New York :
Nombre del editor, distribuidor, etc. Scholastic Inc.,
Fecha de publicación, distribución, etc 1997.
Fecha de impresión 1998
300 ## - DESCRIPCIÓN FÍSICA
Extensión 228 p.
Dimensiones 20 cm.
500 ## - NOTA GENERAL
Nota general Originally published: New York : HarperCollins, 1997.
910 ## - VALIDACIÓN
Validación 00260
942 ## - ADDED ENTRY ELEMENTS (KOHA)
Source of classification or shelving scheme Dewey Decimal Classification
Koha item type Libros
956 ## - LOCAL ELECTRONIC LOCATION AND ACCESS (OCLC)
Método de acceso LOPEREZ
Materiales especificados 10
Existencias
Withdrawn status Lost status Source of classification or shelving scheme Damaged status Not for loan Collection code Home library Current library Date acquired Source of acquisition Total Checkouts Barcode Date last seen Copy number Price effective from Koha item type
    Dewey Decimal Classification       Biblioteca Pública Metropolitana Salomé Ureña Biblioteca Pública Metropolitana Salomé Ureña 03/18/2016 FUNDI   BPMET16030196 03/18/2016 Ej. 1 03/18/2016 Libros